000 00438nam a2200157Ia 4500
008 160316s1995 xxu||||| |||| 00| 0 eng d
082 _a342.085000
_bSHA
100 _aSharma Moolchand
245 _aJustice P N Bhagwati court constitution and human rights
250 _a
260 _aNew Delhi
_bUniversal Book Traders
_c1995
300 _a127p
_b
_c
365 _bRs.150/-
650 _a1.Constitution Law - Human Rights
700 _a
_a
999 _c8215
_d8215